000
00354nam a2200133Ia 4500
008
231129s9999||||xx |||||||||||||| ||spa||
020
_a
958-042526-4
040
_b
spa
082
_a
Co863 M992t
100
_a
Mutis Alvaro
245
0
_a
Triptico de mar y tierra Alvaro Mutis
264
_a
Norma
942
_2
ddc
_c
BKS
999
_c
25706
_d
25706